| 000 | 00673nam a22002057a 4500 | ||
|---|---|---|---|
| 999 |
_c9178 _d9178 |
||
| 003 | GBCCL | ||
| 005 | 20241126110706.0 | ||
| 008 | 220421b ||||| |||| 00| 0 eng d | ||
| 020 | _a9789384302085 | ||
| 040 | _cgbc | ||
| 082 |
_a248 _bPOO |
||
| 100 |
_aPoonen, Zac _96850 |
||
| 245 |
_aNeeded - Men of God : _bthree characteristics of God's servant / _cZac Poonen |
||
| 260 |
_aBangalore : _bChristian fellowship Church, _c1971 |
||
| 300 | _a28 | ||
| 650 |
_aEvangelical Fellowship of India's 20th Anniversary Conference _vCongresses. _915985 |
||
| 650 |
_aChristian life _vSermons. _910373 |
||
| 650 |
_aChristian life _vProtestant authors. _915986 |
||
| 942 |
_2ddc _cBK |
||